Sorting it all out / (Record no. 6991)
[ view plain ]
| 000 -LEADER | |
|---|---|
| fixed length control field | 01000nam a22002537a 4500 |
| 001 - CONTROL NUMBER | |
| control field | 6991 |
| 003 - CONTROL NUMBER IDENTIFIER | |
| control field | FISKH |
| 005 - DATE AND TIME OF LATEST TRANSACTION | |
| control field | 20251212150758.0 |
| 008 - FIXED-LENGTH DATA ELEMENTS--GENERAL INFORMATION | |
| fixed length control field | 250616b cb ||||| |||| 00| 0 eng d |
| 020 ## - INTERNATIONAL STANDARD BOOK NUMBER | |
| International Standard Book Number | 9781595152619 |
| 040 ## - CATALOGING SOURCE | |
| Original cataloging agency | FISKH |
| Language of cataloging | eng |
| Transcribing agency | FISKH |
| Modifying agency | FISKH |
| 050 ## - LIBRARY OF CONGRESS CALL NUMBER | |
| Classification number | QL49.M58 |
| 100 ## - MAIN ENTRY--PERSONAL NAME | |
| Personal name | Mitten, Luana K. |
| 245 ## - TITLE STATEMENT | |
| Title | Sorting it all out / |
| Statement of responsibility, etc. | by Luana K.Mitten and Mary M. Wagner |
| 260 ## - PUBLICATION, DISTRIBUTION, ETC. | |
| Place of publication, distribution, etc. | Florida : |
| Name of publisher, distributor, etc. | Rourke Publishing , |
| Date of publication, distribution, etc. | 2004. |
| 300 ## - PHYSICAL DESCRIPTION | |
| Extent | 16 pages : |
| Other physical details | color illustrations ; |
| Dimensions | 16x19 cm . |
| 505 ## - FORMATTED CONTENTS NOTE | |
| Formatted contents note | F <br/> |
| 520 ## - SUMMARY, ETC. | |
| Summary, etc. | The book compares the attributes of vertebrates and invertebrates, helping children understand how scientists group animals by their physical traits. For example, it explains that a wolf has live babies, fur, four legs, and bones, classifying it as a mammal, similar to a cat, dog, or horse |
| 521 8# - TARGET AUDIENCE NOTE | |
| Target audience note | 300 <br/> |
| Source | Lexile estimate <br/> |
| 521 8# - TARGET AUDIENCE NOTE | |
| Target audience note | F <br/> |
| Source | Raz-Plus <br/> |
| 700 ## - ADDED ENTRY--PERSONAL NAME | |
| Personal name | Freeman, Marcia S. |
| Relator term | Consulting Editor |
| 942 ## - ADDED ENTRY ELEMENTS (KOHA) | |
| Source of classification or shelving scheme | Dewey Decimal Classification |
| Koha item type | Books |
| Suppress in OPAC | No |
| Withdrawn status | Lost status | Source of classification or shelving scheme | Damaged status | Not for loan | Collection | Home library | Current library | Shelving location | Date acquired | Total Checkouts | Full call number | Barcode | Date last seen | Copy number | Price effective from | Koha item type |
|---|---|---|---|---|---|---|---|---|---|---|---|---|---|---|---|---|
| Dewey Decimal Classification | Non-Fiction | Footprints International School Library Network Toul Tom Poung Campus | Footprints International School Library Network Toul Tom Poung Campus | TTP Primary Green Bookshelves | 06/16/2025 | MIT 590 QL49.M58 | FISTK01639 | 10/17/2025 | 1 | 06/16/2025 | Books | |||||
| Dewey Decimal Classification | Non-Fiction | Footprints International School Library Network Toul Tom Poung Campus | Footprints International School Library Network Toul Tom Poung Campus | TTP Primary Green Bookshelves | 12/12/2025 | MIT 590 QL49.M58 | FIS03270 | 12/12/2025 | 2 | 12/12/2025 | Books |
